000 00418nam a2200169Ia 4500
008 230524s9999 xx 000 0 und d
020 _a9780070487390
082 _a621.31
_bGHO
100 _aSmarajit Ghosh
245 0 _aNetwork Theory ( Analysis and Synthesis)
250 _a1ST
260 _aNEW DELHI
_bPHI
_c2006
300 _aXIV;729
500 _aQuantity Number: 17
650 _aElectrical
942 _cBK
999 _c36759
_d36759